[Event "17. Europa ch Juvenil - Femenino s18"]
[Site "Sibenik CRO"]
[Date "2007.09.18"]
[Round "5.22"]
[White "Somova, Nadezda"]
[Black "Kahancova, Ivana"]
[Result "1-0"]
[WhiteElo "1963"]
[BlackElo "1634"]
[PlyCount "71"]
[EventDate "2007.09.14"]
[EventType "swiss"]
[EventRounds "9"]
[EventCountry "CRO"]
[Source "lmi"]
[SourceDate "2007.09.14"]

1. e4 e6 2. d4 d5 3. e5 c5 4. c3 Nc6 5. Nf3 Qb6 6. a3 cxd4 7. cxd4 Nh6 8. Bd3
Nf5 9. Bxf5 exf5 10. Nc3 Be6 11. O-O Be7 12. b4 O-O 13. Ng5 Qxd4 14. Qxd4 Nxd4
15. Rd1 Nb3 16. Nxe6 fxe6 17. Rb1 Nxc1 18. Rbxc1 a6 19. Na4 Rac8 20. Nb6 Rxc1
21. Rxc1 Bg5 22. Rc7 Rf7 23. Rc8+ Rf8 24. Rc7 Rf7 25. Nd7 h6 26. Rxb7 Re7 27.
Rb8+ Kf7 28. Nc5 Rc7 29. g3 Ra7 30. Rb6 Bc1 31. a4 Ba3 32. Nxa6 Bxb4 33. Nxb4
Rxa4 34. Rb7+ Kg6 35. Nd3 Rc4 36. Nf4+ 1-0

[Event "17. Europa ch Juvenil - Femenino s18"]
[Site "Sibenik CRO"]
[Date "2007.09.18"]
[Round "5.24"]
[White "Ivekovic, Ivana"]
[Black "Naydenova, Yordanka"]
[Result "1/2-1/2"]
[WhiteElo "1918"]
[BlackElo "1749"]
[PlyCount "86"]
[EventDate "2007.09.14"]
[EventType "swiss"]
[EventRounds "9"]
[EventCountry "CRO"]
[Source "lmi"]
[SourceDate "2007.09.14"]

1. d4 Nf6 2. Nf3 e6 3. c4 c5 4. d5 d6 5. Nc3 e5 6. e4 Be7 7. Be2 O-O 8. O-O Ne8
9. Ne1 Nd7 10. f4 a6 11. Kh1 Rb8 12. Nf3 Bf6 13. f5 g6 14. g4 gxf5 15. exf5 Bg7
16. Rg1 Nc7 17. g5 f6 18. Qe1 fxg5 19. Bxg5 Nf6 20. Ne4 Kh8 21. Nh4 b5 22. Bh5
Qd7 23. Nxf6 Bxf6 24. Bxf6+ Rxf6 25. Ng6+ hxg6 26. Bxg6 Rxg6 27. Rxg6 Qh7 28.
Qe3 Bxf5 29. Rh6 Be4+ 30. Kg1 Rg8+ 31. Kf1 Bd3+ 32. Kf2 Rf8+ 33. Kg3 Rg8+ 34.
Kh4 bxc4 35. Rxh7+ Kxh7 36. Qf3 Rg6 37. Kh3 Kh6 38. Qf8+ Kh7 39. Qf7+ Kh6 40.
Qf8+ Kh7 41. Qf3 Kh6 42. Qe3+ Kh5 43. Qf3+ Kh6 1/2-1/2

[Event "17. Europa ch Juvenil - Femenino s18"]
[Site "Sibenik CRO"]
[Date "2007.09.18"]
[Round "5.25"]
[White "Juciute, Einora"]
[Black "Misovic, Sanja"]
[Result "1-0"]
[WhiteElo "1758"]
[BlackElo "1872"]
[PlyCount "43"]
[EventDate "2007.09.14"]
[EventType "swiss"]
[EventRounds "9"]
[EventCountry "CRO"]
[Source "lmi"]
[SourceDate "2007.09.14"]

1. e4 c5 2. Ne2 e6 3. Nbc3 Nc6 4. g3 a6 5. a4 Nf6 6. Bg2 Be7 7. O-O O-O 8. Nf4
Qc7 9. Nce2 Rd8 10. c4 Nb4 11. Qb3 d5 12. exd5 exd5 13. d4 cxd4 14. Nxd5 Nfxd5
15. cxd5 Qc5 16. Bd2 Nxd5 17. Rac1 Qd6 18. Nxd4 Bf6 19. Ba5 Rd7 20. Nf5 Qe5 21.
Rfe1 Qxe1+ 22. Rxe1 1-0

[Event "17. Europa ch Juvenil - Femenino s18"]
[Site "Sibenik CRO"]
[Date "2007.09.18"]
[Round "5.27"]
[White "Brankov, Kristina"]
[Black "Cucarella Montell, Angels"]
[Result "1-0"]
[WhiteElo "1918"]
[BlackElo "1921"]
[PlyCount "51"]
[EventDate "2007.09.14"]
[EventType "swiss"]
[EventRounds "9"]
[EventCountry "CRO"]
[Source "lmi"]
[SourceDate "2007.09.14"]

1. e4 c5 2. Nf3 e6 3. b3 d5 4. exd5 Qxd5 5. Bb2 Nc6 6. Nc3 Qd8 7. Bb5 Bd7 8.
Ne4 Qc7 9. Nxc5 Bxc5 10. Bxg7 Qb6 11. Bxc6 Bxf2+ 12. Kf1 Bxc6 13. Bxh8 O-O-O
14. Bb2 Nh6 15. Qe2 Bc5 16. d4 Bxf3 17. Qxf3 Bxd4 18. Bxd4 Qxd4 19. Re1 Rd5 20.
Re4 Qa1+ 21. Re1 Qxa2 22. Qc3+ Kd7 23. Ra1 Rc5 24. Qd3+ Rd5 25. Qxd5+ exd5 26.
Rxa2 1-0

[Event "17. Europa ch Juvenil - Femenino s18"]
[Site "Sibenik CRO"]
[Date "2007.09.19"]
[Round "6.1"]
[White "Robles Garcia, Claudia"]
[Black "Tarasova, Viktoriya"]
[Result "1/2-1/2"]
[WhiteElo "2167"]
[BlackElo "2249"]
[PlyCount "105"]
[EventDate "2007.09.14"]
[EventType "swiss"]
[EventRounds "9"]
[EventCountry "CRO"]
[Source "lmi"]
[SourceDate "2007.09.14"]

1. e4 d6 2. d4 g6 3. Nc3 Bg7 4. f4 Nf6 5. Nf3 c5 6. Bb5+ Bd7 7. e5 Ng4 8. e6
Bxb5 9. exf7+ Kd7 10. Nxb5 Qa5+ 11. Nc3 cxd4 12. Nxd4 h5 13. h3 Nc6 14. Nde2
Nh6 15. Be3 Nf5 16. Bf2 Raf8 17. Qd2 Rxf7 18. O-O-O h4 19. Kb1 Rc8 20. Qd5 Qxd5
21. Rxd5 b6 22. Ne4 Bh6 23. Rhd1 Nd8 24. Nd2 Ne6 25. Nf3 Ke8 26. Nxh4 Nxh4 27.
Bxh4 Nxf4 28. Nxf4 Rxf4 29. Bg3 Re4 30. Re1 Rcc4 31. b3 Rxe1+ 32. Bxe1 Re4 33.
Bd2 Bg7 34. Rd3 Re2 35. g4 Rh2 36. Bc3 Bxc3 37. Rxc3 Kd7 38. Kb2 d5 39. Rf3 d4
40. b4 Kd6 41. Kb3 Kd5 42. c3 e5 43. cxd4 Kxd4 44. Rf6 e4 45. Rxg6 e3 46. Rd6+
Ke5 47. Rd8 Rxh3 48. Kc3 Ke4 49. Re8+ Kf3 50. Kd3 Kf2 51. g5 Rg3 52. Re7 Rxg5
53. Ke4 1/2-1/2

[Event "17. Europa ch Juvenil - Femenino s18"]
[Site "Sibenik CRO"]
[Date "2007.09.19"]
[Round "6.2"]
[White "Kharmunova, Nadejda"]
[Black "Paulet, Iozefina"]
[Result "1-0"]
[WhiteElo "2177"]
[BlackElo "2241"]
[PlyCount "85"]
[EventDate "2007.09.14"]
[EventType "swiss"]
[EventRounds "9"]
[EventCountry "CRO"]
[Source "lmi"]
[SourceDate "2007.09.14"]

1. d4 Nf6 2. Bg5 e6 3. e3 Be7 4. f4 c5 5. Nf3 b6 6. Bd3 Bb7 7. Nbd2 cxd4 8.
exd4 Nd5 9. Ne4 Qc7 10. Bxe7 Kxe7 11. O-O Ne3 12. Qe1 Nxf1 13. Qh4+ Ke8 14.
Rxf1 Bxe4 15. Bxe4 d5 16. Bd3 Qe7 17. Qg3 g6 18. f5 gxf5 19. Qg7 Qf8 20. Bb5+
Kd8 21. Qf6+ Kc7 22. Ne5 a6 23. Nxf7 Rg8 24. Qxe6 axb5 25. Qe5+ Kb7 26. Nd6+
Ka6 27. Qxd5 Nc6 28. Qxb5+ Ka7 29. Qxc6 Qg7 30. Nb5+ Kb8 31. Qxb6+ Kc8 32. Qc6+
Kb8 33. Qd6+ Kb7 34. Qd5+ Kb8 35. g3 Ra6 36. Rxf5 Rg6 37. Qf3 Qh6 38. Qb3 Qc1+
39. Rf1 Qd2 40. Nd6+ Kc7 41. Rf7+ Kxd6 42. Qb6+ Kd5 43. Qc5+ 1-0

[Event "17. Europa ch Juvenil - Femenino s18"]
[Site "Sibenik CRO"]
[Date "2007.09.19"]
[Round "6.3"]
[White "Foisor, Sabina-Francesca"]
[Black "Chirita, Andra-Marina"]
[Result "1-0"]
[WhiteElo "2346"]
[BlackElo "2056"]
[PlyCount "99"]
[EventDate "2007.09.14"]
[EventType "swiss"]
[EventRounds "9"]
[EventCountry "CRO"]
[Source "lmi"]
[SourceDate "2007.09.14"]

1. c4 e6 2. Nc3 Bb4 3. Qb3 a5 4. g3 f5 5. Bg2 Nf6 6. d3 Nc6 7. Nf3 b6 8. O-O
Bb7 9. a3 Bxc3 10. Qxc3 Qe7 11. b3 O-O 12. Bd2 Rab8 13. b4 d6 14. c5 axb4 15.
axb4 bxc5 16. bxc5 e5 17. Rfb1 Kh8 18. Bg5 d5 19. Rb2 d4 20. Qc4 Ra8 21. Rxa8
Bxa8 22. Nh4 Qd7 23. Qa2 Qc8 24. Rb3 Ne7 25. Bxa8 Qxa8 26. Ra3 Qd5 27. Bxf6
gxf6 28. Qxd5 Nxd5 29. Nxf5 Nc3 30. e3 Rd8 31. exd4 Ne2+ 32. Kf1 Nxd4 33. Nxd4
Rxd4 34. Ke2 Rd5 35. Ra6 Rxc5 36. Rxf6 Kg7 37. Rf5 Kg6 38. g4 Rb5 39. Ke3 Rd5
40. h4 h6 41. Rf8 c5 42. Rc8 Kf6 43. Rc6+ Kg7 44. h5 Kh7 45. Rc7+ Kg8 46. f3
Kh8 47. Ke4 Rd4+ 48. Kxe5 Rxd3 49. f4 Rc3 50. Ke4 1-0

[Event "17. Europa ch Juvenil - Femenino s18"]
[Site "Sibenik CRO"]
[Date "2007.09.19"]
[Round "6.4"]
[White "Ivakhinova, Inna"]
[Black "Ikonomopoulou, Maria"]
[Result "1-0"]
[WhiteElo "2251"]
[BlackElo "2029"]
[PlyCount "93"]
[EventDate "2007.09.14"]
[EventType "swiss"]
[EventRounds "9"]
[EventCountry "CRO"]
[Source "lmi"]
[SourceDate "2007.09.14"]

1. d4 d5 2. c4 c6 3. Nc3 Nf6 4. Nf3 e6 5. Bg5 Nbd7 6. e3 h6 7. Bh4 Be7 8. Qc2
a6 9. a3 Qa5 10. Bd3 dxc4 11. Bxc4 b5 12. Ba2 Bb7 13. O-O g5 14. Bg3 Rg8 15.
Rfd1 h5 16. h4 gxh4 17. Nxh4 b4 18. axb4 Qg5 19. Bc4 Ng4 20. Ne4 Qg7 21. Bf1
Qh6 22. Nd6+ Bxd6 23. Bxd6 Qf6 24. Bg3 Nxe3 25. Qh7 Rh8 26. Qe4 Nxd1 27. Rxd1
Rg8 28. Be2 Qg5 29. Re1 Nf6 30. Qc2 Nd5 31. Bf3 Kd7 32. Qc4 Nf4 33. Re5 Qf6 34.
Qc5 Rad8 35. Qb6 Rb8 36. Rc5 Rgc8 37. Rc4 Nd5 38. Qa7 Nf4 39. d5 cxd5 40. Rxf4
Qe7 41. Rd4 Rc1+ 42. Kh2 Rbc8 43. Qxb7+ Ke8 44. Qxa6 R1c4 45. Be2 R8c6 46. Qa8+
Rc8 47. Qa4+ 1-0

[Event "17. Europa ch Juvenil - Femenino s18"]
[Site "Sibenik CRO"]
[Date "2007.09.19"]
[Round "6.5"]
[White "Rakic, Marija"]
[Black "Zhorzholiani, Meri"]
[Result "1/2-1/2"]
[WhiteElo "2247"]
[BlackElo "2110"]
[PlyCount "95"]
[EventDate "2007.09.14"]
[EventType "swiss"]
[EventRounds "9"]
[EventCountry "CRO"]
[Source "lmi"]
[SourceDate "2007.09.14"]

1. d4 Nf6 2. c4 e6 3. Nf3 b6 4. g3 Ba6 5. Nbd2 Bb4 6. Qc2 Bb7 7. Bg2 Be4 8. Qd1
Bxd2+ 9. Qxd2 O-O 10. b3 d6 11. Qe3 Bb7 12. O-O Nbd7 13. Rd1 Re8 14. Bb2 Qe7
15. Rac1 a5 16. a3 c5 17. dxc5 bxc5 18. Qd3 Ra6 19. Nd2 Bxg2 20. Kxg2 Rea8 21.
e4 Nb8 22. f4 e5 23. Nf3 Nc6 24. Qxd6 Qxd6 25. Rxd6 Nxe4 26. Rd5 Rb6 27. Re1 f5
28. Bxe5 Rxb3 29. Ba1 g6 30. Rd7 Ra7 31. Rxa7 Nxa7 32. Ne5 Rxa3 33. Rd1 Ra2+
34. Kg1 Rd2 35. Rb1 Nc8 36. Rb8 Rd1+ 37. Kg2 Rxa1 38. Rxc8+ Kg7 39. Rc7+ Kh6
40. g4 Ra2+ 41. Kf3 Ra3+ 42. Kg2 fxg4 43. Nf7+ Kh5 44. Nd6 Ra2+ 45. Kg1 Ra1+
46. Kg2 Ra2+ 47. Kg1 Ra1+ 48. Kg2 1/2-1/2

[Event "17. Europa ch Juvenil - Femenino s18"]
[Site "Sibenik CRO"]
[Date "2007.09.19"]
[Round "6.6"]
[White "Leks, Hanna"]
[Black "Gosciniak, Maria"]
[Result "1-0"]
[WhiteElo "2232"]
[BlackElo "2076"]
[PlyCount "65"]
[EventDate "2007.09.14"]
[EventType "swiss"]
[EventRounds "9"]
[EventCountry "CRO"]
[Source "lmi"]
[SourceDate "2007.09.14"]

1. e4 c6 2. d4 d5 3. Nc3 dxe4 4. Nxe4 Bf5 5. Ng3 Bg6 6. h4 h6 7. f4 e6 8. Nf3
Nd7 9. h5 Bh7 10. Bd3 Bxd3 11. Qxd3 Qc7 12. Bd2 Ngf6 13. Ne5 c5 14. O-O-O cxd4
15. Rhe1 Rc8 16. Kb1 Bc5 17. Nxd7 Nxd7 18. f5 e5 19. Ne4 f6 20. Qg3 Kf8 21. c3
dxc3 22. Bxc3 Be7 23. Rc1 Qb8 24. Red1 Rd8 25. Rd3 Kg8 26. Rcd1 Nf8 27. Rxd8
Bxd8 28. Bb4 Kh7 29. Bxf8 Rxf8 30. Qg6+ Kh8 31. Rd7 Be7 32. Rxe7 Rg8 33. Nxf6
1-0

[Event "17. Europa ch Juvenil - Femenino s18"]
[Site "Sibenik CRO"]
[Date "2007.09.19"]
[Round "6.7"]
[White "Hairapetian, Anna"]
[Black "Daulyte, Deimante"]
[Result "0-1"]
[WhiteElo "2028"]
[BlackElo "2216"]
[PlyCount "124"]
[EventDate "2007.09.14"]
[EventType "swiss"]
[EventRounds "9"]
[EventCountry "CRO"]
[Source "lmi"]
[SourceDate "2007.09.14"]

1. d4 Nf6 2. Nf3 g6 3. Bg5 Bg7 4. Nbd2 d5 5. e3 O-O 6. Bd3 Nbd7 7. O-O c5 8. c3
Re8 9. Qc2 e5 10. dxe5 Nxe5 11. Nxe5 Rxe5 12. Nf3 Re8 13. Rad1 Qb6 14. Qb3 Be6
15. Qxb6 axb6 16. Bb5 Rec8 17. a4 Ne4 18. Bf4 c4 19. Ng5 Nc5 20. Nxe6 fxe6 21.
Bd6 Ne4 22. Bb4 Rc7 23. f3 Nf6 24. e4 Bf8 25. Bxf8 Kxf8 26. h3 Ke7 27. e5 Nd7
28. Rfe1 Nc5 29. g3 Rcc8 30. Ra1 g5 31. Kg2 Rf8 32. Re3 h5 33. Kf2 g4 34. f4
Rh8 35. Rh1 Raf8 36. Kg2 gxh3+ 37. Rxh3 h4 38. gxh4 Rxf4 39. h5 Ne4 40. Re2 Kf7
41. a5 bxa5 42. Ba4 Rg8+ 43. Kh2 Ng5 44. Rg3 Rh4+ 45. Kg2 Ne4 46. Rxg8 Kxg8 47.
Bc2 Rxh5 48. Bxe4 dxe4 49. Rxe4 b5 50. Kf3 Rh2 51. Rd4 Kf7 52. Rd7+ Kg6 53. Kf4
Rxb2 54. Re7 b4 55. Rxe6+ Kf7 56. Rf6+ Ke7 57. cxb4 axb4 58. Rc6 c3 59. e6 Re2
60. Rc4 c2 61. Kf3 Rh2 62. Ke3 b3 0-1

[Event "17. Europa ch Juvenil - Femenino s18"]
[Site "Sibenik CRO"]
[Date "2007.09.19"]
[Round "6.8"]
[White "Kruljac, Petra"]
[Black "Charochkina, Daria"]
[Result "0-1"]
[WhiteElo "2054"]
[BlackElo "2390"]
[PlyCount "48"]
[EventDate "2007.09.14"]
[EventType "swiss"]
[EventRounds "9"]
[EventCountry "CRO"]
[Source "lmi"]
[SourceDate "2007.09.14"]

1. d4 d5 2. c4 c6 3. e3 Nf6 4. Nc3 e6 5. Qc2 Nbd7 6. Nf3 Bd6 7. g4 b5 8. cxb5
c5 9. g5 Ng8 10. e4 Bb7 11. exd5 exd5 12. Be3 Rc8 13. Bh3 Ne7 14. O-O-O O-O 15.
Kb1 Rc7 16. Bg4 cxd4 17. Bxd4 Nc5 18. Ne5 Ne6 19. Nxf7 Kxf7 20. Qxh7 Nxd4 21.
Rhe1 Ng6 22. Rxd4 Bc8 23. f3 Rh8 24. Qxg6+ Kxg6 0-1

[Event "17. Europa ch Juvenil - Femenino s18"]
[Site "Sibenik CRO"]
[Date "2007.09.19"]
[Round "6.9"]
[White "Ohme, Melanie"]
[Black "Baptista, Ana Filipa"]
[Result "0-1"]
[WhiteElo "2278"]
[BlackElo "2055"]
[PlyCount "96"]
[EventDate "2007.09.14"]
[EventType "swiss"]
[EventRounds "9"]
[EventCountry "CRO"]
[Source "lmi"]
[SourceDate "2007.09.14"]

1. e4 c5 2. Nf3 Nc6 3. d4 cxd4 4. Nxd4 g6 5. Nc3 Bg7 6. Nb3 Bxc3+ 7. bxc3 Nf6
8. Bd3 d5 9. exd5 Qxd5 10. O-O O-O 11. c4 Qh5 12. f3 Be6 13. Qe2 Rad8 14. Ba3
Rfe8 15. Nc5 Bc8 16. Ne4 Nxe4 17. Qxe4 Qe5 18. Rfe1 Qxe4 19. Rxe4 Bf5 20. Re3
Be6 21. Rb1 Na5 22. Re4 Rc8 23. c5 Rc7 24. Ra1 Rd8 25. g4 Nc6 26. Kf2 Rcd7 27.
h4 Rd4 28. Re3 Ra4 29. Be4 Rd2+ 30. Kg1 Nd4 31. Rb1 Ne2+ 32. Kf1 Ng3+ 33. Ke1
Nxe4 34. fxe4 Rd7 35. h5 Bxg4 36. h6 Rad4 37. Kf2 f5 38. Kg3 Kf7 39. Reb3 Rxe4
40. Bc1 Rc4 41. Rxb7 Rc3+ 42. Kh4 Rh3+ 43. Kg5 Rd4 44. Rxe7+ Kxe7 45. Rb7+ Ke6
46. Rxh7 Bh5 47. Bf4 Rg3+ 48. Bxg3 Rg4# 0-1

[Event "17. Europa ch Juvenil - Femenino s18"]
[Site "Sibenik CRO"]
[Date "2007.09.19"]
[Round "6.10"]
[White "Van Nies, Pauline"]
[Black "Novosadova, Kristyna"]
[Result "1/2-1/2"]
[WhiteElo "2162"]
[BlackElo "2014"]
[PlyCount "80"]
[EventDate "2007.09.14"]
[EventType "swiss"]
[EventRounds "9"]
[EventCountry "CRO"]
[Source "lmi"]
[SourceDate "2007.09.14"]

1. e4 e5 2. Nf3 Nc6 3. Bb5 a6 4. Ba4 Nf6 5. O-O Be7 6. Re1 b5 7. Bb3 O-O 8. d3
d6 9. c3 Bg4 10. Nbd2 Na5 11. Bc2 c5 12. h3 Bh5 13. Nf1 Re8 14. g4 Bg6 15. Bg5
Nd7 16. Bxe7 Qxe7 17. Ng3 Nf8 18. Qd2 Ne6 19. Kh2 Nc6 20. Rad1 Rad8 21. Bb3 Nf4
22. Ne2 Nxe2 23. Rxe2 Kh8 24. Ne1 f6 25. Ng2 Bf7 26. Ne3 Bxb3 27. axb3 Qf7 28.
Ra1 Ra8 29. Nd5 Ra7 30. f4 Ne7 31. Nxe7 Rexe7 32. c4 Reb7 33. Ra3 Kg8 34. f5
Qc7 35. Re1 a5 36. Rea1 b4 37. Ra4 Ra8 38. Rg1 g5 39. h4 Qg7 40. h5 Qf7 1/2-1/2

[Event "17. Europa ch Juvenil - Femenino s18"]
[Site "Sibenik CRO"]
[Date "2007.09.19"]
[Round "6.11"]
[White "Kaniak, Justyna"]
[Black "Kalashyan, Varduhi"]
[Result "1/2-1/2"]
[WhiteElo "1942"]
[BlackElo "2059"]
[PlyCount "116"]
[EventDate "2007.09.14"]
[EventType "swiss"]
[EventRounds "9"]
[EventCountry "CRO"]
[Source "lmi"]
[SourceDate "2007.09.14"]

1. e4 c5 2. Nf3 d6 3. d4 cxd4 4. Nxd4 Nf6 5. Nc3 a6 6. a4 e6 7. Be2 Be7 8. O-O
O-O 9. f4 Qc7 10. Kh1 Nc6 11. Be3 Re8 12. Bf3 Bf8 13. Qd2 Na5 14. b3 Bd7 15.
Rad1 Rac8 16. Nde2 b5 17. e5 b4 18. exf6 bxc3 19. Qd3 g6 20. Qxa6 Nc6 21. Qc4
Qb8 22. Ng3 d5 23. Qe2 Qb4 24. Qf2 Nb8 25. Ne2 Bc6 26. Qh4 e5 27. Bxd5 Bxd5 28.
Rxd5 exf4 29. Rxf4 Qb7 30. Rd3 Na6 31. Rf3 Nb4 32. Rd1 Nxc2 33. Bh6 Qb4 34. Rf4
Qc5 35. Rc4 Qh5 36. Qxh5 gxh5 37. Bxf8 Rxc4 38. bxc4 Kxf8 39. Nxc3 Ne3 40. Re1
Nxc4 41. Rxe8+ Kxe8 42. Kg1 Kd7 43. Kf2 Ke6 44. Ke2 Kxf6 45. Kd3 Ne5+ 46. Kd4
Ke6 47. Kc5 Kd7 48. Nd5 h4 49. a5 Kc8 50. a6 Kb8 51. Kd6 Ng6 52. Nf6 Ka7 53. g3
hxg3 54. hxg3 h6 55. Ng4 f5 56. Nxh6 f4 57. gxf4 Nxf4 58. Nf5 Kxa6 1/2-1/2

[Event "17. Europa ch Juvenil - Femenino s18"]
[Site "Sibenik CRO"]
[Date "2007.09.19"]
[Round "6.12"]
[White "Gunina, Valentina"]
[Black "Chierici, Marianna"]
[Result "1-0"]
[WhiteElo "2361"]
[BlackElo "2004"]
[PlyCount "47"]
[EventDate "2007.09.14"]
[EventType "swiss"]
[EventRounds "9"]
[EventCountry "CRO"]
[Source "lmi"]
[SourceDate "2007.09.14"]

1. d4 f5 2. Nc3 d5 3. Bg5 Nf6 4. e3 e6 5. g4 Be7 6. gxf5 exf5 7. Qf3 c6 8. Bxf6
Bxf6 9. Bd3 O-O 10. Nge2 g6 11. O-O-O Be6 12. h4 Rf7 13. h5 Rg7 14. Nf4 Qe7 15.
Rdg1 Kf7 16. hxg6+ hxg6 17. Rh6 Bg5 18. Nxe6 Bxh6 19. Nxg7 Bxg7 20. Rxg6 Bxd4
21. Qxf5+ Bf6 22. Rh6 Qd6 23. Qg6+ Kf8 24. Rh8+ 1-0

[Event "17. Europa ch Juvenil - Femenino s18"]
[Site "Sibenik CRO"]
[Date "2007.09.19"]
[Round "6.13"]
[White "Sobierska, Wioletta"]
[Black "Severiukhina, Zoya"]
[Result "1-0"]
[WhiteElo "2012"]
[BlackElo "2267"]
[PlyCount "93"]
[EventDate "2007.09.14"]
[EventType "swiss"]
[EventRounds "9"]
[EventCountry "CRO"]
[Source "lmi"]
[SourceDate "2007.09.14"]

1. e4 c5 2. Nf3 d6 3. d4 cxd4 4. Nxd4 Nf6 5. Nc3 Nc6 6. Be2 e5 7. Nb3 a5 8. Bg5
Be7 9. Bxf6 Bxf6 10. Nd5 O-O 11. O-O Bg5 12. c3 Be6 13. Bg4 a4 14. Nc1 f5 15.
exf5 Bxf5 16. Bxf5 Rxf5 17. Ne2 Rf7 18. Ng3 Bf4 19. Qd3 Qh4 20. Rae1 Rd8 21.
Re4 a3 22. b3 Qh6 23. Ra4 Rdf8 24. Rxa3 Bxg3 25. hxg3 Rf5 26. g4 Rg5 27. Ra4
Qh4 28. Ne3 Rg6 29. Nf5 Qf6 30. Re4 Rd8 31. Qd5+ Kh8 32. Rd1 Qg5 33. b4 h5 34.
Ne3 Rh6 35. b5 Ne7 36. Qxb7 hxg4 37. Rxg4 Qh5 38. g3 g5 39. Kf1 Qf7 40. Qg2 Rf8
41. Rxg5 Qxa2 42. Rxd6 Qb1+ 43. Rd1 Qxb5+ 44. Kg1 Qe2 45. Rf1 Ng6 46. Ng4 Qd2
47. f4 1-0

[Event "17. Europa ch Juvenil - Femenino s18"]
[Site "Sibenik CRO"]
[Date "2007.09.19"]
[Round "6.15"]
[White "Bogdan, Elizaveta"]
[Black "Orlyanskaya, Darya"]
[Result "0-1"]
[WhiteElo "1880"]
[BlackElo "2092"]
[PlyCount "50"]
[EventDate "2007.09.14"]
[EventType "swiss"]
[EventRounds "9"]
[EventCountry "CRO"]
[Source "lmi"]
[SourceDate "2007.09.14"]

1. Nf3 c5 2. g3 Nc6 3. Bg2 g6 4. d3 Bg7 5. O-O d6 6. Nbd2 e5 7. e4 Nge7 8. a4
O-O 9. Nc4 h6 10. Kh1 Be6 11. Nfd2 Qd7 12. f4 exf4 13. Rxf4 d5 14. Ne3 Rad8 15.
Ng4 f5 16. exf5 Nxf5 17. Nf1 g5 18. Rf3 Ncd4 19. Rf2 Nxg3+ 20. Nxg3 Bxg4 21.
Qg1 Rxf2 22. Qxf2 Rf8 23. Qd2 Nf3 24. Qa5 b6 25. Qb5 Qe6 0-1

[Event "17. Europa ch Juvenil - Femenino s18"]
[Site "Sibenik CRO"]
[Date "2007.09.19"]
[Round "6.16"]
[White "Homiakova, Ekaterina"]
[Black "Tonel, Giulia"]
[Result "1-0"]
[WhiteElo "2089"]
[BlackElo "1934"]
[PlyCount "61"]
[EventDate "2007.09.14"]
[EventType "swiss"]
[EventRounds "9"]
[EventCountry "CRO"]
[Source "lmi"]
[SourceDate "2007.09.14"]

1. e4 e5 2. Nf3 Nc6 3. Bb5 a6 4. Ba4 Nf6 5. O-O Be7 6. Re1 b5 7. Bb3 O-O 8. h3
d6 9. c3 h6 10. d4 Bb7 11. Nbd2 Re8 12. Nf1 Bf8 13. Ng3 Na5 14. Bc2 Nc4 15. b3
Nb6 16. Qd3 c5 17. d5 c4 18. Qe3 cxb3 19. axb3 Nfd7 20. Nf5 Rc8 21. g4 Qc7 22.
Bd2 Nf6 23. g5 Nh5 24. gxh6 g6 25. Qg5 Kh7 26. Ng7 Red8 27. Nxh5 gxh5 28. Qf5+
Kg8 29. Kh2 f6 30. Rg1+ Kh8 31. Qxf6+ 1-0

[Event "17. Europa ch Juvenil - Femenino s18"]
[Site "Sibenik CRO"]
[Date "2007.09.19"]
[Round "6.17"]
[White "Steil-Antoni, Fiona"]
[Black "Martin, Katie A"]
[Result "1-0"]
[WhiteElo "2065"]
[BlackElo "1928"]
[PlyCount "77"]
[EventDate "2007.09.14"]
[EventType "swiss"]
[EventRounds "9"]
[EventCountry "CRO"]
[Source "lmi"]
[SourceDate "2007.09.14"]

1. e4 e5 2. Bc4 Nf6 3. d3 Nc6 4. Nc3 Bc5 5. f4 d6 6. Nf3 a6 7. a3 Ba7 8. f5 h6
9. Qe2 Nd4 10. Nxd4 Bxd4 11. Nd5 c6 12. Nxf6+ Qxf6 13. c3 Ba7 14. Bd2 b5 15.
Ba2 Bb7 16. O-O-O O-O-O 17. g4 Qe7 18. h4 d5 19. g5 hxg5 20. hxg5 f6 21. g6 Kb8
22. Qg2 Rxh1 23. Rxh1 Qd6 24. Rh7 Rd7 25. Qh2 c5 26. Rxg7 Rxg7 27. Qh8+ Bc8 28.
Qxg7 dxe4 29. dxe4 c4 30. Bb1 Qb6 31. Bc2 Qg1+ 32. Bd1 Be3 33. Qxf6 Bxd2+ 34.
Kxd2 Qf2+ 35. Kc1 Qe3+ 36. Kb1 Qxe4+ 37. Bc2 Qd5 38. g7 e4 39. Qf8 1-0

[Event "17. Europa ch Juvenil - Femenino s18"]
[Site "Sibenik CRO"]
[Date "2007.09.19"]
[Round "6.18"]
[White "Yildiz, Betul Cemre"]
[Black "Knaperekova, Emilia"]
[Result "1/2-1/2"]
[WhiteElo "2217"]
[BlackElo "1946"]
[PlyCount "58"]
[EventDate "2007.09.14"]
[EventType "swiss"]
[EventRounds "9"]
[EventCountry "CRO"]
[Source "lmi"]
[SourceDate "2007.09.14"]

1. e4 e6 2. d4 d5 3. Nd2 Nf6 4. e5 Nfd7 5. Bd3 c5 6. c3 Nc6 7. Ne2 Qb6 8. Nf3
cxd4 9. cxd4 f6 10. exf6 Nxf6 11. O-O Bd6 12. Nc3 O-O 13. a3 e5 14. Nxe5 Nxe5
15. dxe5 Bxe5 16. Nxd5 Nxd5 17. Qh5 Bxh2+ 18. Qxh2 Bf5 19. Qe5 Qe6 20. Qxe6+
Bxe6 21. Be4 Rad8 22. Rd1 b6 23. Bg5 Rd7 24. Re1 h6 25. Bh4 Nf6 26. Bc6 Rd6 27.
Bf3 Bd5 28. Bg3 Rdd8 29. Bxd5+ Rxd5 1/2-1/2

[Event "17. Europa ch Juvenil - Femenino s18"]
[Site "Sibenik CRO"]
[Date "2007.09.19"]
[Round "6.19"]
[White "Mareckova, Martina"]
[Black "Juciute, Einora"]
[Result "1-0"]
[WhiteElo "2003"]
[BlackElo "1758"]
[PlyCount "57"]
[EventDate "2007.09.14"]
[EventType "swiss"]
[EventRounds "9"]
[EventCountry "CRO"]
[Source "lmi"]
[SourceDate "2007.09.14"]

1. e4 e5 2. Nf3 Nc6 3. Bc4 Nf6 4. d3 Bc5 5. O-O h6 6. c3 d6 7. Nbd2 Be6 8. Bb5
Qd7 9. d4 Bb6 10. d5 Bxd5 11. exd5 Nxd5 12. Nc4 Nde7 13. a4 a6 14. Nxb6 cxb6
15. Bc4 f5 16. Be3 d5 17. Ba2 O-O-O 18. Bxb6 Rdf8 19. b4 e4 20. Nd4 f4 21. f3
e3 22. b5 Ne5 23. bxa6 bxa6 24. Qe2 Rf6 25. Qxa6+ Qb7 26. Qxb7+ Kxb7 27. Bc5
N7g6 28. Bxd5+ Kc8 29. Rfb1 1-0

[Event "17. Europa ch Juvenil - Femenino s18"]
[Site "Sibenik CRO"]
[Date "2007.09.19"]
[Round "6.20"]
[White "Kaniak, Monika"]
[Black "Nadvesnik, Maja"]
[Result "1-0"]
[WhiteElo "1950"]
[BlackElo "1791"]
[PlyCount "119"]
[EventDate "2007.09.14"]
[EventType "swiss"]
[EventRounds "9"]
[EventCountry "CRO"]
[Source "lmi"]
[SourceDate "2007.09.14"]

1. d4 Nf6 2. c4 c5 3. Nf3 cxd4 4. Nxd4 e5 5. Nb5 d5 6. cxd5 Bc5 7. e3 O-O 8.
N5c3 Re8 9. Be2 e4 10. a3 Bf5 11. b4 Bd6 12. Bb2 h6 13. Nd2 Be5 14. Qb3 Nbd7
15. Nc4 Nb6 16. Nxe5 Rxe5 17. O-O Nfxd5 18. Nb5 Re8 19. Nd4 Bd7 20. a4 Qg5 21.
Kh1 Nf6 22. a5 Nbd5 23. Bc4 Rad8 24. Rad1 Bg4 25. Ne2 Bh5 26. Rd4 Ne7 27. Ng3
Bg6 28. Rfd1 Rxd4 29. Bxd4 Nc6 30. Kg1 Nxd4 31. Rxd4 b5 32. axb6 axb6 33. h3 h5
34. b5 h4 35. Ne2 Ra8 36. Nf4 Ra1+ 37. Rd1 Rxd1+ 38. Qxd1 Kh7 39. Qd4 Qc5 40.
Qxc5 bxc5 41. b6 Nd7 42. b7 Kh6 43. Bd5 Kg5 44. Nxg6 Kxg6 45. Bxe4+ Kf6 46. Kf1
Ke5 47. Bc6 Nb8 48. Bf3 c4 49. Ke2 Kd6 50. Kd2 Kc5 51. Kc3 g5 52. Be4 f6 53. g4
Nd7 54. f4 Nb8 55. fxg5 fxg5 56. Bg2 Nd7 57. e4 Nb8 58. e5 Na6 59. e6 Kd6 60.
Bf1 1-0